000 00657nam a2200205 i 4500
001 64872
003 ES-MaACL
005 20260115175400.0
007 t|
008 040107s1973 sp ||||1| cat d
100 1 _aFort i Cogul, Eufemià,
_d1908-1979
_951838
245 1 0 _aCatalunya i la inquisició /
_cEufemia Fort i Cogul.
260 _aBarcelona :
_bAedos,
_c[1973]
300 _a333 p., 6 lám. ;
_c22 cm.
490 1 _aBiblioteca Biográfica Catalana ;
_v51
650 7 _aInquisición-
_zCataluña
_2
_9159520
830 0 0 _aBiblioteca biográfica catalana
_v51
_9181786
852 _aES-MaACL
_jC-53880
_bR.86740
999 _c64872
_d64872